| 000 | 00790nam a22002177a 4500 | ||
|---|---|---|---|
| 999 |
_c63341 _d63341 |
||
| 005 | 20240530110635.0 | ||
| 008 | 170925s2012 ua f b 000 d ara d | ||
| 017 |
_a2012/3468 _bمصر. دار الكتب |
||
| 020 | _a9789771808824 | ||
| 040 |
_aEG-CaGPL _cEG-CaGPL |
||
| 082 | 0 | 4 |
_221 _a813.081 _bق/م م |
| 100 | 0 | _aمحمد جبريل . | |
| 245 | 1 | 0 |
_aمصر المكان : _bدراسة فى القصة و الرواية / _cمحمد جبريل . |
| 250 | _aط.1 | ||
| 260 |
_aالقاهرة : _bمطبعة دار الكتب و الوثائق القومية بالقاهرة ، _c2012 . |
||
| 300 |
_a503 ص ؛ _c24 سم . |
||
| 650 | 0 | 7 |
_2qrmak _aالقصص التاريخية . |
| 651 | 0 | 7 |
_2qrmak _aمصر فى الادب العربى . |
| 942 |
_2ddc _cBK |
||